000 00714cam a22002052 4500
001 0000005124
005 20170406120357.0
008 141203s xx 000 0 eng d
020 _a4906686052 :
_c$
040 _aYour Holding Symbol
_cYour Holding Symbol
100 1 _aKonz Peider.
245 1 0 _aTrade, Environment and Sustainable Development :
_bviews from sub saharan africa and Latin America /
_cPeider Konz.
250 _a ed.
260 _aTokyo, Geneva :
_bUNU/IAS and ICTSD,
_c2000.
300 _a445 p. :
_bill ;
_c cm.
504 _aIncludes Index.
591 _a2006
_bDonation
_cArrupe
700 1 0 _aChristophe Bellmann, Lucass Assuncao, Ricardo Melendez-Ortiz.
908 _a141203
999 _c4928
_d4928